[Event "Macieja Memorial"]
[Site "Warsaw POL"]
[Date "2024.07.08"]
[Round "5.36"]
[White "Zaninotto, Franco"]
[Black "Karwowski, Kacper"]
[Result "1/2-1/2"]
[WhiteElo "1961"]
[BlackElo "2184"]
[EventDate "2024.07.08"]
[PlyCount "369"]

1.d4 d5 2.Nf3 e6 3.g3 c5 4.Bg2 Nc6 5.O-O Nf6 6.c4 dxc4 7.dxc5 Qxd1 8.Rxd1 Bxc5 
9.Nbd2 c3 10.bxc3 O-O 11.Nb3 Bb6 12.c4 Ne4 13.c5 Nxc5 14.Ba3 Nxb3 15.axb3 Rd8 
16.Rxd8+ Bxd8 17.Rd1 Bf6 18.Nd2 Bd7 19.Ne4 Be8 20.Nc5 Be7 21.b4 Bxc5 22.bxc5 
Rd8 23.Rb1 Na5 24.Kf1 Nc4 25.Bb4 Bc6 26.Bxc6 bxc6 27.Bc3 f6 28.Rb7 Rd5 29.Rxa7 
Rxc5 30.Bd4 Rd5 31.Be3 Ne5 32.Rc7 Rd7 33.Rc8+ Kf7 34.f4 Nc4 35.Bc5 Nd2+ 36.Kg2 
Ne4 37.Rxc6 Rd2 38.Kf3 f5 39.Rc7+ Kf6 40.Bb4 Rd1 41.Bc3+ Kg6 42.Be5 Rf1+ 43.Ke3 
Rh1 44.Kf3 Rxh2 45.Rxg7+ Kh6 46.Ke3 Rg2 47.Kf3 Rf2+ 48.Ke3 Rh2 49.Rg8 Rh3 
50.Kf3 Rh1 51.Kg2 Rb1 52.Bg7+ Kg6 53.Be5+ Kf7 54.Rg7+ Kf8 55.Rxh7 Rb3 56.Rh8+ 
Kf7 57.Rh7+ Kg8 58.Rg7+ Kf8 59.Rg6 Kf7 60.Rg7+ Ke8 61.Rg8+ Kd7 62.Rg7+ Kc6 
63.Rc7+ Kd5 64.Rd7+ Kc4 65.Rg7 Ra3 66.Rg6 Kd5 67.Rg8 Ra2 68.Kf3 Ra3+ 69.Kg2 Ra2 
70.Kf3 Kc6 71.Rg7 Ra3+ 72.Kg2 Kb6 73.Rg6 Kc5 74.Rg8 Ra2 75.Kf3 Nd2+ 76.Kf2 Nc4 
77.Rc8+ Kd5 78.Rd8+ Kc5 79.Rc8+ Kb5 80.Rb8+ Kc5 81.Rc8+ Kb4 82.Rb8+ Ka4 83.Ra8+ 
Kb3 84.Rxa2 Kxa2 85.g4 fxg4 86.Kg3 Ne3 87.Kf2 Nf5 88.e4 Ne7 89.Kg3 Kb3 90.Kxg4 
Kc4 91.Kg5 Kd3 92.Kf6 Ng8+ 93.Kf7 Nh6+ 94.Kg6 Ng4 95.Bb8 Kxe4 96.Kg5 Ne3 97.Bc7 
Nd5 98.Bb8 Ne3 99.Bc7 Kd5 100.Bb8 Nf5 101.Be5 Ng3 102.Kg4 Ne4 103.Kf3 Nd2+ 
104.Ke3 Nc4+ 105.Kf3 Na5 106.Bh8 Nc6 107.Kg4 Ke4 108.Kg3 Kf5 109.Ba1 Nb4 
110.Bh8 Nd3 111.Bc3 Nxf4 112.Kf3 Nd5 113.Ba1 Nb6 114.Bh8 Nc4 115.Ba1 Nd2+ 
116.Ke2 Ne4 117.Bh8 Nf6 118.Kf3 Nd7 119.Ba1 Nb6 120.Bh8 Nc4 121.Ba1 Nd2+ 
122.Ke2 Ne4 123.Bh8 Kf4 124.Bg7 Ng3+ 125.Ke1 Nf5 126.Bh8 Ke4 127.Ke2 Ng3+ 
128.Kf2 Nh5 129.Ke2 Kf5 130.Ba1 Nf6 131.Kf3 Ne4 132.Bh8 Ng5+ 133.Ke3 Nf7 
134.Ba1 Ne5 135.Ke2 Nc4 136.Kf2 Nd2 137.Bh8 Ne4+ 138.Ke2 Kg6 139.Ke3 Nd6 
140.Ba1 Kf7 141.Bh8 Ke7 142.Ba1 Kd7 143.Bh8 Kc6 144.Ba1 Kd5 145.Bh8 Nf5+ 
146.Kd3 Ne7 147.Ba1 Ng6 148.Bg7 Nf4+ 149.Kd2 Nh5 150.Bh8 Ke4 151.Ke2 Ng3+ 
152.Kd2 Nf5 153.Bf6 Kf4 154.Bh8 Nd6 155.Ke2 Ke4 156.Kd2 Nf7 157.Bg7 Ng5 158.Ke2 
Nf3 159.Bh8 Nd4+ 160.Kd2 Kd5 161.Ke1 Nf5 162.Bf6 Ne3 163.Bh8 Ng4 164.Kd2 Ke4 
165.Ke2 Nh6 166.Ke1 Nf7 167.Bg7 Kf5 168.Ke2 Kg6 169.Ba1 Nd6 170.Bh8 Kh7 171.Ba1 
Nf5 172.Kf3 Kg6 173.Ke4 Kf7 174.Ke5 Ne3 175.Ke4 Nc2 176.Bb2 Nb4 177.Bc3 Nd5 
178.Bh8 Ne7 179.Kd3 Ng6 180.Ba1 Ke7 181.Ke4 Kd6 182.Bg7 Nh4 183.Bf8+ Kd7 
184.Bg7 Nf5 185.Bh8 1/2-1/2

[Event "Macieja Memorial"]
[Site "Warsaw POL"]
[Date "2024.07.08"]
[Round "5.37"]
[White "Smal, Tobiasz"]
[Black "Szarwacki, Dominik"]
[Result "1-0"]
[WhiteElo "2104"]
[BlackElo "1897"]
[EventDate "2024.07.08"]
[PlyCount "52"]

1.c4 e5 2.Nc3 Nc6 3.g3 f5 4.Bg2 Nf6 5.d3 Bb4 6.Bd2 O-O 7.a3 Bxc3 8.Bxc3 d6 
9.Nf3 a5 10.b4 axb4 11.axb4 Bd7 12.b5 Ne7 13.O-O c6 14.Qb3 Kh8 15.bxc6 bxc6 
16.c5 Rb8 17.Qc2 Ned5 18.cxd6 e4 19.Ne5 Rb5 20.Ra7 Be8 21.Nc4 Bh5 22.Bxf6 Nxf6 
23.dxe4 fxe4 24.Bxe4 Nxe4 25.Qxe4 Rd5 26.Qe7 Bf7 1-0

[Event "Macieja Memorial"]
[Site "Warsaw POL"]
[Date "2024.07.08"]
[Round "5.38"]
[White "Zalega, Maciej"]
[Black "Janeczko, Jakub"]
[Result "0-1"]
[WhiteElo "1922"]
[BlackElo "2084"]
[EventDate "2024.07.08"]
[PlyCount "72"]

1.e4 Nf6 2.e5 Nd5 3.d4 d6 4.c4 Nb6 5.exd6 cxd6 6.Nc3 g6 7.Bg5 Bg7 8.Rc1 O-O 
9.Nf3 Bf5 10.b3 d5 11.c5 Nc8 12.Bd3 Bxd3 13.Qxd3 Nc6 14.O-O Qd7 15.a3 e6 16.b4 
a6 17.Bf4 N8e7 18.Bd6 f6 19.Na4 Rae8 20.Nb6 Qd8 21.Rfe1 Kf7 22.Qe2 Nf5 23.Bxf8 
Bxf8 24.Qd3 Bh6 25.Rb1 g5 26.g4 Nfe7 27.Qxh7+ Bg7 28.Qd3 Ng6 29.a4 Nf4 30.Qe3 
Rh8 31.b5 Ne7 32.bxa6 bxa6 33.a5 Rh3 34.Nxg5+ fxg5 35.f3 Qh8 36.Rb2 Bxd4 0-1

[Event "Macieja Memorial"]
[Site "Warsaw POL"]
[Date "2024.07.08"]
[Round "5.39"]
[White "Klimek, Piotr"]
[Black "Chmiel, Marcin"]
[Result "1/2-1/2"]
[WhiteElo "1866"]
[BlackElo "2038"]
[EventDate "2024.07.08"]
[PlyCount "127"]

1.Nf3 d5 2.c4 c6 3.b3 Nf6 4.Bb2 Bf5 5.g3 e6 6.Bg2 h6 7.O-O Be7 8.d3 O-O 9.Nbd2 
Nbd7 10.Re1 Bh7 11.e4 Nc5 12.Qc2 dxe4 13.dxe4 Qd3 14.Qxd3 Nxd3 15.Bxf6 Bxf6 
16.e5 Nxe1 17.Rxe1 Be7 18.Ne4 Rfd8 19.Nc3 Bb4 20.Rc1 Bxc3 21.Rxc3 Rd1+ 22.Bf1 
Rad8 23.Kg2 Bd3 24.Bxd3 R8xd3 25.Rc2 c5 26.h4 h5 27.Re2 Ra1 28.Rc2 Kf8 29.Nd2 
Ke7 30.Ne4 b6 31.Nd6 Rxd6 32.exd6+ Kxd6 33.Kf3 e5 34.Rd2+ Ke6 35.Ke3 f6 36.f4 
exf4+ 37.Kxf4 Rf1+ 38.Ke3 g5 39.hxg5 fxg5 40.Rh2 Kf5 41.Rxh5 Kg4 42.Rh7 Kxg3 
43.Rxa7 Re1+ 44.Kd2 Ra1 45.a4 g4 46.Rb7 Kf3 47.Rxb6 g3 48.Rf6+ Kg2 49.Ke3 Kh2 
50.Rh6+ Kg1 51.Ke4 Rb1 52.Kd5 Rxb3 53.Kxc5 g2 54.Rg6 Kf2 55.Rxg2+ Kxg2 56.a5 
Kf3 57.a6 Ke4 58.a7 Ra3 59.Kb6 Kd4 60.Kb7 Rb3+ 61.Kc7 Ra3 62.Kb7 Kxc4 63.a8=Q 
Rxa8 64.Kxa8 1/2-1/2

[Event "Macieja Memorial"]
[Site "Warsaw POL"]
[Date "2024.07.08"]
[Round "5.40"]
[White "Charvi, A"]
[Black "Lewandrowski, Tomasz"]
[Result "1-0"]
[WhiteElo "1826"]
[BlackElo "2000"]
[EventDate "2024.07.08"]
[PlyCount "105"]

1.e4 c5 2.Nf3 Nc6 3.d4 cxd4 4.Nxd4 e5 5.Nb5 d6 6.N1c3 a6 7.Na3 Be7 8.Nc4 b5 
9.Ne3 Nf6 10.a3 Be6 11.Bd3 O-O 12.O-O Nd4 13.Ncd5 Nxd5 14.exd5 Bd7 15.c3 e4 
16.Bxe4 f5 17.Bb1 f4 18.Qxd4 fxe3 19.Bxe3 Bf6 20.Qd3 g6 21.Bh6 Rf7 22.Qd2 Be5 
23.Bg5 Qb6 24.h3 Raf8 25.Be3 Qb7 26.Be4 Qc8 27.f4 Bg7 28.Bf3 Re8 29.Rae1 Rfe7 
30.Bf2 Bf5 31.Rxe7 Rxe7 32.Re1 Rf7 33.Bd4 Bh6 34.Bf2 Rf8 35.Be4 Bxh3 36.gxh3 
Qxh3 37.Bg2 Qg4 38.Qe3 Kh8 39.Qf3 Qf5 40.Bd4+ Bg7 41.Bxg7+ Kxg7 42.Qe4 Qg4 
43.Qe2 Qh4 44.Qe7+ Qxe7 45.Rxe7+ Kh6 46.Ra7 Rxf4 47.Rxa6 Kg5 48.Rxd6 h5 49.Rd8 
h4 50.d6 Kg4 51.d7 h3 52.Bxh3+ Kg3 53.Rg8 1-0

[Event "Macieja Memorial"]
[Site "Warsaw POL"]
[Date "2024.07.08"]
[Round "5.41"]
[White "Rajlich, Vaclav"]
[Black "Majek, Kacper"]
[Result "0-1"]
[WhiteElo "1704"]
[BlackElo "1996"]
[EventDate "2024.07.08"]
[PlyCount "78"]

1.e4 e5 2.Nf3 Nc6 3.Bb5 a6 4.Ba4 Nf6 5.O-O Nxe4 6.Re1 Nc5 7.Bxc6 dxc6 8.Nxe5 
Be7 9.d4 Ne6 10.Nf3 O-O 11.c4 Bf6 12.Be3 Re8 13.Nc3 Nf8 14.Qd3 Bg4 15.Nd2 g6 
16.Nce4 Bg7 17.Ng3 Be6 18.Nde4 h6 19.Nc5 Bc8 20.Rad1 b6 21.Nb3 Bg4 22.f3 Bd7 
23.d5 Qh4 24.Bd4 c5 25.Bxg7 Kxg7 26.Nd2 f5 27.a3 a5 28.Qc3+ Qf6 29.Qxf6+ Kxf6 
30.Nb1 Ba4 31.Rc1 Rad8 32.Nc3 Bb3 33.Nb5 Rxe1+ 34.Rxe1 Bxc4 35.Nxc7 Rd7 36.Ne8+ 
Kf7 37.Kf2 Bxd5 38.Re2 Be6 39.Nf1 Kxe8 0-1

[Event "Macieja Memorial"]
[Site "Warsaw POL"]
[Date "2024.07.08"]
[Round "5.42"]
[White "Gbiorczyk, Mikolaj"]
[Black "Zareba, Piotr"]
[Result "1/2-1/2"]
[WhiteElo "1967"]
[BlackElo "1828"]
[EventDate "2024.07.08"]
[PlyCount "31"]

1.b3 b6 2.Bb2 Bb7 3.Nf3 Nf6 4.g3 e6 5.Bg2 Be7 6.O-O O-O 7.c4 c5 8.e3 d5 9.cxd5 
Nxd5 10.d4 Nd7 11.Nbd2 Rc8 12.Nc4 N7f6 13.Rc1 cxd4 14.Qxd4 Nb4 15.a3 Qxd4 
16.Bxd4 1/2-1/2

[Event "Macieja Memorial"]
[Site "Warsaw POL"]
[Date "2024.07.08"]
[Round "5.43"]
[White "Zatonskih, Anna"]
[Black "Paluszek, Jan"]
[Result "1-0"]
[WhiteElo "2324"]
[BlackElo "1807"]
[EventDate "2024.07.08"]
[PlyCount "111"]

1.e4 e6 2.d4 d5 3.Nd2 Be7 4.c3 c5 5.dxc5 Bxc5 6.Nb3 Bb6 7.exd5 exd5 8.Qe2+ Ne7 
9.Be3 Bxe3 10.Qxe3 O-O 11.Be2 Re8 12.Qd2 Nbc6 13.Nf3 Bg4 14.O-O Qd6 15.Rad1 
Rad8 16.Rfe1 Ng6 17.Qg5 Be6 18.Nfd4 h6 19.Qg3 Qxg3 20.hxg3 Nge5 21.f3 Nxd4 
22.Nxd4 Rc8 23.Bb5 Nc6 24.Ba4 a6 25.Kf2 b5 26.Bb3 Na5 27.Re2 Nxb3 28.Nxb3 d4 
29.Rxd4 Bxb3 30.axb3 Rxe2+ 31.Kxe2 Rc6 32.Rd8+ Kh7 33.b4 Kg6 34.Rd7 Kf6 35.g4 
Ke6 36.Rd4 Rc7 37.Kd3 Ke5 38.g3 g6 39.f4+ Ke6 40.b3 Rc6 41.c4 bxc4+ 42.bxc4 f6 
43.c5 a5 44.Kc4 axb4 45.Kxb4 h5 46.gxh5 gxh5 47.Kb5 Rc8 48.c6 Ke7 49.Kb6 Ke6 
50.c7 Kf5 51.Kb7 Rxc7+ 52.Kxc7 Kg4 53.Rd3 h4 54.gxh4 Kxh4 55.Rd4 f5 56.Kd6 1-0

[Event "Macieja Memorial"]
[Site "Warsaw POL"]
[Date "2024.07.08"]
[Round "5.44"]
[White "Mulawa, Cyprian"]
[Black "Serafin, Franciszek"]
[Result "1-0"]
[WhiteElo "2178"]
[BlackElo "1784"]
[EventDate "2024.07.08"]
[PlyCount "95"]

1.e4 c5 2.Nf3 e6 3.g3 Nc6 4.Bg2 d6 5.O-O Nf6 6.Qe2 Be7 7.Rd1 O-O 8.d4 cxd4 
9.Nxd4 Bd7 10.c4 a6 11.Nc3 Qc7 12.Be3 Rac8 13.Rac1 Nxd4 14.Rxd4 e5 15.Rdd1 Be6 
16.Nd5 Bxd5 17.cxd5 Qa5 18.a3 Nd7 19.Bh3 Rcd8 20.b4 Qxa3 21.Rc7 Qa4 22.b5 Qxe4 
23.Rxd7 Rxd7 24.Bxd7 axb5 25.Bxb5 f5 26.Bd3 Qa4 27.Rb1 f4 28.Bxf4 Bd8 29.Be3 e4 
30.Bb5 Qa5 31.Qd2 Bb6 32.Qxa5 Bxa5 33.Bd7 b6 34.Be6+ Kh8 35.Rb5 Rb8 36.Bf4 Rd8 
37.h4 h6 38.Kf1 Rf8 39.Bxd6 Rd8 40.Be7 Re8 41.d6 e3 42.d7 e2+ 43.Kxe2 Rxe7 
44.d8=Q+ Re8 45.Qxe8+ Kh7 46.Bf5+ g6 47.Qxg6+ Kh8 48.Qh7# 1-0

[Event "Macieja Memorial"]
[Site "Warsaw POL"]
[Date "2024.07.08"]
[Round "5.45"]
[White "Krzywda, Andrzej"]
[Black "Sprzeczka, Emilia"]
[Result "0-1"]
[WhiteElo "2123"]
[BlackElo "1782"]
[EventDate "2024.07.08"]
[PlyCount "62"]

1.e4 c5 2.Nf3 d6 3.d4 cxd4 4.Nxd4 Nf6 5.Nc3 g6 6.Be3 Bg7 7.f3 O-O 8.Qd2 Nc6 
9.O-O-O d5 10.exd5 Nxd5 11.Nxc6 bxc6 12.Bd4 e5 13.Bc5 Re8 14.Ne4 Qc7 15.h4 f5 
16.Nd6 Rd8 17.Nxc8 Raxc8 18.Bc4 h5 19.Qf2 Qf7 20.Bb3 a5 21.a4 Rb8 22.Kb1 Kh7 
23.Ka1 Qf6 24.Rhe1 Nb4 25.Bb6 e4 26.c3 Nd3 27.Rxd3 Rxd3 28.Bc2 Rxc3 29.Kb1 Rxc2 
30.Qxc2 Rxb6 31.Re2 Qd6 0-1

[Event "Macieja Memorial"]
[Site "Warsaw POL"]
[Date "2024.07.08"]
[Round "5.46"]
[White "Goraj, Barbara"]
[Black "Obukhava, Anastasiya"]
[Result "1-0"]
[WhiteElo "2095"]
[BlackElo "1770"]
[EventDate "2024.07.08"]
[PlyCount "95"]

1.Nf3 d5 2.c4 dxc4 3.e3 Nf6 4.Bxc4 e6 5.O-O c5 6.d4 Nc6 7.dxc5 Qxd1 8.Rxd1 Bxc5 
9.a3 a6 10.b4 Be7 11.Bb2 b5 12.Bb3 Bb7 13.Nc3 O-O 14.h3 Rfd8 15.Kf1 Kf8 16.Ke1 
Rxd1+ 17.Rxd1 Rd8 18.Rc1 Bd6 19.Ke2 Ke7 20.Rd1 g6 21.e4 Nd7 22.Nd4 Nxd4+ 
23.Rxd4 Be5 24.Rd1 Bxc3 25.Bxc3 Bxe4 26.f3 Bb7 27.Bd4 f6 28.Kf2 e5 29.Be3 f5 
30.Bg5+ Ke8 31.Bxd8 Kxd8 32.Be6 Bc6 33.Bxd7 Bxd7 34.Rd5 Ke7 35.Rxe5+ Kd6 36.f4 
Be6 37.Ke3 h5 38.g3 Bd7 39.Kd4 Bc6 40.Rc5 Bb7 41.Rc1 Bg2 42.h4 Bb7 43.Rc2 Bd5 
44.Rc8 Bf7 45.Ra8 Kd7 46.Ra7+ Ke6 47.Rxa6+ Ke7 48.Ke5 1-0

[Event "Macieja Memorial"]
[Site "Warsaw POL"]
[Date "2024.07.08"]
[Round "5.47"]
[White "Maack, Kjartan"]
[Black "Brudzynski, Wojciech"]
[Result "1-0"]
[WhiteElo "2030"]
[BlackElo "1757"]
[EventDate "2024.07.08"]
[PlyCount "63"]

1.c4 c6 2.e4 e6 3.d4 d5 4.cxd5 cxd5 5.exd5 exd5 6.Nc3 Nc6 7.Nf3 Nf6 8.Be2 Be7 
9.O-O O-O 10.h3 Ne4 11.Qb3 Nxc3 12.bxc3 a6 13.Bf4 b5 14.Ne5 Na5 15.Qb2 Nc4 
16.Nxc4 dxc4 17.Bf3 Ra7 18.Bb8 Rb7 19.Bxb7 Bxb7 20.Bf4 Qd5 21.f3 Qf5 22.Qd2 Bd5 
23.a4 Qd7 24.axb5 axb5 25.Rfe1 Bf6 26.Reb1 Re8 27.Ra5 Bc6 28.Ra6 Qb7 29.Ra2 Ra8 
30.Rxa8+ Qxa8 31.d5 Bxd5 32.Rxb5 1-0

[Event "Macieja Memorial"]
[Site "Warsaw POL"]
[Date "2024.07.08"]
[Round "5.48"]
[White "Zbrzezny, Aleksander"]
[Black "Wasiluk, Mateusz"]
[Result "0-1"]
[WhiteElo "2016"]
[BlackElo "1767"]
[EventDate "2024.07.08"]
[PlyCount "85"]

1.d4 Nf6 2.c4 g6 3.Nc3 Bg7 4.e4 d6 5.f3 O-O 6.Be3 c5 7.d5 e6 8.Qd2 exd5 9.cxd5 
a6 10.Bd3 b5 11.Nge2 Re8 12.g4 Bxg4 13.fxg4 Nxg4 14.Bg5 Bf6 15.h4 c4 16.Bc2 b4 
17.Nd1 Qb6 18.Bxf6 Nxf6 19.Qd4 Qxd4 20.Nxd4 Nxe4 21.O-O Nd7 22.Nf2 Nd2 23.Rfe1 
Ne5 24.Re2 c3 25.bxc3 bxc3 26.Kg2 Rec8 27.h5 Rc4 28.Nb3 Ndf3 29.Ne4 Nd4 30.Nxd6 
Nxe2 31.Nxc4 Nxc4 32.h6 Rd8 33.Re1 Nf4+ 34.Kf3 Nxd5 35.Nc5 a5 36.Bb3 Ndb6 
37.Kg4 Nd2 38.Re7 Nxb3 39.axb3 c2 40.Re1 Nd5 41.Nb7 Rc8 42.Rc1 Nb4 43.Nd6 0-1

[Event "Macieja Memorial"]
[Site "Warsaw POL"]
[Date "2024.07.08"]
[Round "5.49"]
[White "Patil, Harshal"]
[Black "Wiatrowski, Blazej"]
[Result "1-0"]
[WhiteElo "1995"]
[BlackElo "1750"]
[EventDate "2024.07.08"]
[PlyCount "43"]

1.e4 g6 2.d4 Bg7 3.Nf3 d6 4.h3 Nf6 5.Nc3 Nbd7 6.Bc4 O-O 7.O-O e5 8.Be3 c6 9.Qd2 
Re8 10.dxe5 dxe5 11.Rad1 Qc7 12.a4 Nf8 13.Ng5 Ne6 14.Qd6 Qxd6 15.Rxd6 Nxg5 
16.Bxg5 h6 17.Bxf6 Bf8 18.Rd2 a6 19.Rfd1 b5 20.Bb3 Bb7 21.Rd7 Rab8 22.Bxf7+ 1-0

[Event "Macieja Memorial"]
[Site "Warsaw POL"]
[Date "2024.07.08"]
[Round "5.50"]
[White "Szlod, Wiktor"]
[Black "Adamski, Jan"]
[Result "0-1"]
[WhiteElo "1783"]
[BlackElo "1989"]
[EventDate "2024.07.08"]
[PlyCount "98"]

1.e4 c5 2.Nc3 e6 3.f4 d5 4.d3 Nc6 5.g3 dxe4 6.Nxe4 Be7 7.Be3 Nf6 8.Bg2 Bd7 
9.Ne2 b6 10.O-O O-O 11.N2c3 Qc7 12.Qe2 Rad8 13.Rad1 Nd4 14.Qd2 Ng4 15.Bxd4 cxd4 
16.Ne2 Ne3 17.Nxd4 Nxd1 18.Rxd1 f5 19.Nf2 Bf6 20.Qe3 Qc5 21.c3 Bxd4 22.cxd4 Qd6 
23.d5 Rfe8 24.dxe6 Rxe6 25.Qd2 Bc6 26.Bxc6 Qxc6 27.d4 Qd5 28.b3 h6 29.Qc3 Rde8 
30.h3 Re3 31.Qc4 Re1+ 32.Rxe1 Rxe1+ 33.Kh2 Qxc4 34.bxc4 Rc1 35.c5 bxc5 36.dxc5 
Rxc5 37.g4 Rc2 38.Kg3 fxg4 39.hxg4 Rxa2 40.Ne4 a5 41.f5 Ra3+ 42.Kf4 Ra4 43.Ke5 
Rxe4+ 44.Kxe4 a4 45.Kd4 Kf7 46.Kc4 Kf6 47.Kb4 Kg5 48.Kxa4 Kxg4 49.f6 gxf6 0-1

[Event "Macieja Memorial"]
[Site "Warsaw POL"]
[Date "2024.07.08"]
[Round "5.52"]
[White "Haladaj, Adam"]
[Black "Kazmierowski, Tymon"]
[Result "1-0"]
[WhiteElo "1773"]
[BlackElo "1982"]
[EventDate "2024.07.08"]
[PlyCount "49"]

1.Nf3 Nf6 2.c4 c5 3.Nc3 Nc6 4.g3 e6 5.Bg2 d5 6.cxd5 exd5 7.d4 cxd4 8.Nxd4 Bc5 
9.Nxc6 bxc6 10.O-O O-O 11.Bg5 h6 12.Bf4 Bf5 13.Rc1 Qe7 14.Re1 Ng4 15.Rf1 Rac8 
16.Na4 Bd6 17.Bxd6 Qxd6 18.Nc5 Rfe8 19.e4 Be6 20.Nxe6 Qxe6 21.exd5 cxd5 22.Rxc8 
Rxc8 23.Bxd5 Qe5 24.Qxg4 Rb8 25.Qf3 1-0

[Event "Macieja Memorial"]
[Site "Warsaw POL"]
[Date "2024.07.08"]
[Round "5.53"]
[White "Smietanska, Wiktoria"]
[Black "Ingielewicz, Konrad"]
[Result "1-0"]
[WhiteElo "1975"]
[BlackElo "1745"]
[EventDate "2024.07.08"]
[PlyCount "57"]

1.c4 e5 2.Nc3 Nf6 3.Nf3 Nc6 4.e4 d6 5.d4 exd4 6.Nxd4 Be7 7.Be2 O-O 8.Nc2 Be6 
9.O-O a6 10.Ne3 Ne5 11.f4 Neg4 12.Nxg4 Nxg4 13.Bxg4 Bxc4 14.Be2 Be6 15.f5 Bd7 
16.Nd5 Bf6 17.Qc2 Bc6 18.Nxf6+ Qxf6 19.Bf3 Qd4+ 20.Qf2 Qb4 21.Qd2 Qc5+ 22.Qe3 
Qe5 23.Bd2 Qxb2 24.Bc3 Qb5 25.f6 Rfe8 26.Be2 Qa4 27.Qg5 g6 28.Qh6 Re5 29.Qg7# 1-0

[Event "Macieja Memorial"]
[Site "Warsaw POL"]
[Date "2024.07.08"]
[Round "5.54"]
[White "Pesko, Tomasz"]
[Black "Czech, Franciszek"]
[Result "1-0"]
[WhiteElo "1937"]
[BlackElo "1730"]
[EventDate "2024.07.08"]
[PlyCount "53"]

1.e4 c5 2.d3 Nc6 3.Nf3 g6 4.g3 Bg7 5.Bg2 d6 6.O-O e5 7.c3 Nge7 8.Be3 O-O 9.Qd2 
f5 10.Na3 a6 11.Rad1 b5 12.Bh6 Be6 13.Bxg7 Kxg7 14.b3 b4 15.Nc4 bxc3 16.Qxc3 
Nd4 17.Nxd4 cxd4 18.Qb4 d5 19.Nxe5 Rb8 20.Qxd4 dxe4 21.dxe4 Qxd4 22.Rxd4 Rb5 
23.Nc4 fxe4 24.Rxe4 Rf6 25.Rfe1 Kf7 26.Nd6+ Kf8 27.Nxb5 1-0

[Event "Macieja Memorial"]
[Site "Warsaw POL"]
[Date "2024.07.08"]
[Round "5.55"]
[White "Fraczek, Lukasz"]
[Black "Barwinska, Ewa"]
[Result "0-1"]
[WhiteElo "1755"]
[BlackElo "1927"]
[EventDate "2024.07.08"]
[PlyCount "62"]

1.e4 c5 2.Nf3 d6 3.d4 cxd4 4.Nxd4 Nf6 5.Nc3 a6 6.Be3 e5 7.Nb3 Be6 8.Be2 Be7 
9.Qd2 b5 10.f3 Nbd7 11.O-O-O O-O 12.g4 b4 13.Nd5 Bxd5 14.exd5 a5 15.Kb1 a4 
16.Nc1 Rb8 17.h4 Nb6 18.g5 Nfxd5 19.Bxb6 Nxb6 20.Qxb4 d5 21.Qg4 Qc7 22.Bd3 Nc4 
23.b3 Ne3 24.Qg1 Nxd1 25.Qxd1 a3 26.c4 e4 27.fxe4 dxe4 28.Be2 Qe5 29.Qc2 Rfd8 
30.Bf1 e3 31.Be2 Rd2 0-1

[Event "Macieja Memorial"]
[Site "Warsaw POL"]
[Date "2024.07.08"]
[Round "5.56"]
[White "Malowidzki, Maciej"]
[Black "Binkowska, Agata"]
[Result "0-1"]
[WhiteElo "1749"]
[BlackElo "1912"]
[EventDate "2024.07.08"]
[PlyCount "90"]

1.d4 d5 2.c4 e6 3.Nc3 Nf6 4.Bg5 Be7 5.e3 c6 6.Nf3 Ne4 7.Bxe7 Qxe7 8.Bd3 f5 
9.O-O O-O 10.Rb1 Bd7 11.Ne5 Be8 12.f3 Nd6 13.c5 Nf7 14.f4 Nxe5 15.fxe5 Qg5 
16.Qf3 Bh5 17.Qf4 Qe7 18.b4 a6 19.a4 Nd7 20.Qf2 b5 21.cxb6 Nxb6 22.a5 Nd7 
23.Na4 Rfb8 24.Qd2 g5 25.Rfc1 Rc8 26.Nc5 Nxc5 27.bxc5 Bg6 28.Rb6 Rf8 29.Bxa6 f4 
30.exf4 Rxf4 31.Bb7 Raf8 32.Bxc6 Be4 33.Rb7 Qd8 34.a6 Qc8 35.Bd7 Qa8 36.Bxe6+ 
Kh8 37.Qa2 Rf2 38.Qxf2 Rxf2 39.Kxf2 Qxa6 40.Rb6 Qa2+ 41.Ke3 Qxg2 42.Rb8+ Kg7 
43.Re1 Qf3+ 44.Kd2 Qd3+ 45.Kc1 Qc2# 0-1

[Event "Macieja Memorial"]
[Site "Warsaw POL"]
[Date "2024.07.08"]
[Round "6.1"]
[White "Seemann, Jakub"]
[Black "Piorun, Kacper"]
[Result "0-1"]
[WhiteElo "2358"]
[BlackElo "2528"]
[EventDate "2024.07.08"]
[PlyCount "138"]

1.d4 Nf6 2.c4 g6 3.g3 Bg7 4.Bg2 O-O 5.Nc3 d6 6.Nf3 Bf5 7.Nh4 Bc8 8.Nf3 c6 9.O-O 
Bf5 10.Nh4 Bd7 11.e4 e5 12.Nf3 Bg4 13.dxe5 Bxf3 14.Bxf3 dxe5 15.Qxd8 Rxd8 
16.Be3 Na6 17.a3 Nc7 18.b4 Ne6 19.Rfc1 h5 20.c5 Nd4 21.Bd1 Kh7 22.Bg5 Rd7 23.a4 
Ng4 24.h3 Bh6 25.hxg4 Bxg5 26.Rcb1 Bd2 27.Ne2 Nf3+ 28.Kg2 hxg4 29.Ng1 Nxg1 
30.Bxg4 Rd4 31.b5 Rxe4 32.Bd7 Rd8 33.bxc6 bxc6 34.Bxc6 Rc4 35.Kxg1 Rxc5 36.Bg2 
Bc3 37.Ra2 Rd7 38.Rb7 Rxb7 39.Bxb7 Bd4 40.Kg2 f5 41.Bf3 Kg7 42.Be2 Kf6 43.Bb5 
e4 44.Be8 Rc3 45.Bb5 Ke5 46.Re2 g5 47.Rd2 f4 48.gxf4+ gxf4 49.Ra2 f3+ 50.Kg3 
Rc7 51.a5 Rg7+ 52.Kh4 Rg2 53.Rc2 Bxf2+ 54.Kh3 Kf4 55.Rc7 Rg3+ 56.Kh2 Rg5 
57.Rf7+ Ke3 58.Kh3 Rg3+ 59.Kh2 Rg4 60.Rh7 Kd2 61.Bc6 Ke2 62.Kh3 Rf4 63.Rh5 e3 
64.Bb5+ Ke1 65.Bc6 e2 66.Rh7 Kf1 67.Bb5 Rh4+ 68.Rxh4 Bxh4 69.Kg4 Kf2 0-1

[Event "Macieja Memorial"]
[Site "Warsaw POL"]
[Date "2024.07.08"]
[Round "6.2"]
[White "Gdanski, Jacek"]
[Black "Klimkowski, Jan"]
[Result "1/2-1/2"]
[WhiteElo "2315"]
[BlackElo "2372"]
[EventDate "2024.07.08"]
[PlyCount "80"]

1.e4 e5 2.Nf3 Nc6 3.Bb5 f5 4.Nc3 fxe4 5.Nxe4 Nf6 6.Qe2 d5 7.Nxf6+ gxf6 8.d4 e4 
9.Nh4 Be6 10.Bxc6+ bxc6 11.f3 f5 12.g3 Bg7 13.c3 O-O 14.O-O Qe7 15.Bf4 c5 
16.Be5 cxd4 17.cxd4 Bxe5 18.dxe5 Qg7 19.f4 c5 20.b4 cxb4 21.Qd2 Qb7 22.g4 Qb6+ 
23.Kh1 e3 24.Qg2 Kh8 25.gxf5 Bxf5 26.Nxf5 Rxf5 27.Qxd5 Rd8 28.Qe4 Qd4 29.Qxd4 
Rxd4 30.Rae1 Rdxf4 31.Rxf4 Rxf4 32.Rxe3 Kg8 33.e6 Kf8 34.Rh3 Rf2 35.a3 a5 
36.axb4 axb4 37.Kg1 Rb2 38.Rxh7 b3 39.Rb7 Re2 40.Rxb3 Rxe6 1/2-1/2

[Event "Macieja Memorial"]
[Site "Warsaw POL"]
[Date "2024.07.08"]
[Round "6.3"]
[White "Socko, Bartosz"]
[Black "Kacprzak, Karol"]
[Result "1-0"]
[WhiteElo "2552"]
[BlackElo "2308"]
[EventDate "2024.07.08"]
[PlyCount "81"]

1.g3 d5 2.Bg2 Nf6 3.Nf3 e6 4.d4 Be7 5.c4 O-O 6.O-O c6 7.Nc3 a5 8.Nd2 b6 9.b3 
Ba6 10.Bb2 b5 11.c5 b4 12.Na4 Nbd7 13.a3 Bb5 14.axb4 axb4 15.Re1 Qc7 16.Nf3 Ne4 
17.Qc2 f5 18.Bc1 Bf6 19.Bf4 e5 20.dxe5 Nxe5 21.Nd4 g5 22.Ne6 Qe7 23.Bxe5 Bxe5 
24.Nxf8 Bxa1 25.Rxa1 Qxf8 26.Bxe4 fxe4 27.Qd2 Qf6 28.Ra2 Rf8 29.e3 Qf5 30.Qxb4 
Qh3 31.Qe1 Rf6 32.Nc3 Bd3 33.Ra8+ Kf7 34.Ra7+ Ke6 35.Rc7 Kf5 36.Ne2 Rh6 37.Nd4+ 
Ke5 38.f4+ exf3 39.Nxf3+ Kf5 40.Qf2 Be4 41.Rf7+ 1-0

[Event "Macieja Memorial"]
[Site "Warsaw POL"]
[Date "2024.07.08"]
[Round "6.4"]
[White "Fridman, Daniel"]
[Black "Czernek, Tymon"]
[Result "1-0"]
[WhiteElo "2474"]
[BlackElo "2253"]
[EventDate "2024.07.08"]
[PlyCount "59"]

1.Nf3 Nf6 2.g3 e6 3.Bg2 d5 4.O-O Bd6 5.c4 O-O 6.b3 c6 7.Bb2 Nbd7 8.Nc3 b6 
9.cxd5 cxd5 10.Nb5 Be7 11.Rc1 Bb7 12.Rc2 Ne4 13.d3 Nd6 14.Nxd6 Bxd6 15.Qa1 f6 
16.Nd4 Re8 17.Nb5 Nc5 18.Nxd6 Qxd6 19.Ba3 e5 20.d4 exd4 21.Qxd4 Rac8 22.Rd1 Kh8 
23.e3 Re7 24.Rdc1 Rec7 25.Bh3 Rd8 26.Bxc5 bxc5 27.Rxc5 Rxc5 28.Qxc5 Qa6 29.Qe7 
Rg8 30.Be6 1-0

[Event "Macieja Memorial"]
[Site "Warsaw POL"]
[Date "2024.07.08"]
[Round "6.5"]
[White "Johannesson, Ingvar Thor"]
[Black "Szustakowski, Antoni"]
[Result "1-0"]
[WhiteElo "2365"]
[BlackElo "2207"]
[EventDate "2024.07.08"]
[PlyCount "137"]

1.c4 e6 2.g3 d5 3.Bg2 dxc4 4.Qa4+ c6 5.Qxc4 c5 6.Nf3 Nc6 7.O-O Nf6 8.Nc3 Be7 
9.Rd1 O-O 10.d4 Na5 11.Qa4 Bd7 12.Qc2 cxd4 13.Nxd4 Rc8 14.Qd3 Qb6 15.Rb1 Rfd8 
16.Be3 Nc4 17.Nf5 Bc5 18.Ne7+ Kh8 19.Nxc8 Rxc8 20.Bxc5 Rxc5 21.Ne4 Rc7 22.Nxf6 
gxf6 23.Qd4 Qxd4 24.Rxd4 e5 25.Rdd1 Be6 26.Rbc1 Re7 27.b3 Nb6 28.Rd8+ Kg7 
29.Rb8 Nd5 30.Bxd5 Bxd5 31.Rd8 Bc6 32.f3 f5 33.Kf2 Kf6 34.Rcd1 Kg7 35.h4 h6 
36.R1d6 a6 37.Rd2 e4 38.fxe4 fxe4 39.Ke3 Re5 40.g4 h5 41.g5 f6 42.gxf6+ Kxf6 
43.R2d6+ Ke7 44.Rd1 Rc5 45.Rh8 Rc2 46.Rd2 Rc5 47.Rh6 Ra5 48.a4 Rc5 49.Kf4 Rc3 
50.a5 Rxb3 51.Rdd6 Rb4 52.Rdg6 Kf7 53.Rg5 Rb2 54.Ke3 Rb3+ 55.Kf4 Rb2 56.e3 Rf2+ 
57.Ke5 Rf3 58.Rf5+ Rxf5+ 59.Kxf5 Kg7 60.Rxh5 Bd7+ 61.Kg5 Bc6 62.Rh6 Kf7 63.Rg6 
Be8 64.Rf6+ Kg7 65.Re6 Bc6 66.h5 Kf7 67.Re5 Kg7 68.h6+ Kg8 69.Kg6 1-0

[Event "Macieja Memorial"]
[Site "Warsaw POL"]
[Date "2024.07.08"]
[Round "6.6"]
[White "Kosakowski, Jakub"]
[Black "Mickiewicz, Piotr"]
[Result "1-0"]
[WhiteElo "2494"]
[BlackElo "2168"]
[EventDate "2024.07.08"]
[PlyCount "87"]

1.e4 e5 2.Nf3 Nc6 3.Nc3 Nf6 4.h3 g6 5.Bc4 Bg7 6.d3 d6 7.a4 O-O 8.O-O Be6 9.Re1 
Bxc4 10.dxc4 Nd7 11.Bg5 Qc8 12.Nd5 a5 13.Qd2 f6 14.Be3 Nc5 15.Bxc5 dxc5 16.Rad1 
Rf7 17.c3 Qe6 18.Qe3 b6 19.Rd3 h5 20.Red1 Kh7 21.Qe2 Bh6 22.Ne3 Rg8 23.h4 Qc8 
24.b3 Nd8 25.g3 Ne6 26.Nd5 Qf8 27.Kf1 Bg7 28.Ne1 f5 29.Rf3 f4 30.Nd3 fxg3 
31.Rxg3 Nf4 32.N5xf4 exf4 33.Rf3 Bxc3 34.e5 Qa8 35.e6 Re7 36.Nxf4 Bd4 37.Nd5 
Reg7 38.e7 c6 39.Rxd4 cxd5 40.Rxd5 Qe8 41.Re5 Kh8 42.Qe3 Kh7 43.Qe4 Rh8 
44.Rxh5+ 1-0